Politics of innocence: how wrongful convictions shape public opinion (Record no. 1227787)

MARC details
000 -LEADER
fixed length control field 00686nam a2200205Ia 4500
005 - DATE AND TIME OF LATEST TRANSACTION
control field 20241129110226.0
008 - FIXED-LENGTH DATA ELEMENTS--GENERAL INFORMATION
fixed length control field 241129s9999||||xx |||||||||||||| ||und||
037 ## - SOURCE OF ACQUISITION
Stock number TB
040 ## - CATALOGING SOURCE
Original cataloging agency ARTS
Language of cataloging eng
Transcribing agency ARTS
041 ## - LANGUAGE CODE
Language code of text/sound track or separate title eng
Source of code eng
084 ## - COLON CLASSIFICATION NUMBER
Classification number W R3
Assigning agency ARTS
100 ## - MAIN ENTRY--PERSONAL NAME
Personal name Norris Robert J. Au.; Hicks William D. Au.; Mullinix Kevin J. Au.
9 (RLIN) 727497
245 #0 - TITLE STATEMENT
Title Politics of innocence: how wrongful convictions shape public opinion
Statement of responsibility, etc. Norris Robert J. Au.; Hicks William D. Au.; Mullinix Kevin J. Au.
260 ## - PUBLICATION, DISTRIBUTION, ETC.
Place of publication, distribution, etc. New York, USA
Name of publisher, distributor, etc. University Press
Date of publication, distribution, etc. 2024
300 ## - PHYSICAL DESCRIPTION
Extent ix,239p.
365 ## - TRADE PRICE
Price type code INR
Price amount 2695
650 ## - SUBJECT ADDED ENTRY--TOPICAL TERM
Topical term or geographic name entry element Political Science
942 ## - ADDED ENTRY ELEMENTS (KOHA)
Koha item type Textbook
Classification part W R3
Holdings
Withdrawn status Lost status Damaged status Not for loan Home library Current library Date acquired Source of acquisition Cost, normal purchase price Inventory number Total Checkouts Full call number Barcode Date last seen Price effective from Koha item type
        Arts Library Arts Library 2024-11-29 Excel Book International 2695.00 94 & 02/02/2024   W R3 AL1803821 2024-11-29 2024-11-29 Textbook
Copyright @ Delhi University Library System